[Event "Coventry International"]
[Site "Coventry"]
[Date "2025.10.28"]
[Round "5.34"]
[White "Swiatkowski, Aram"]
[Black "Matthews, Adrian Ms"]
[Result "1/2-1/2"]
[WhiteElo "1860"]
[BlackElo "1804"]
[PlyCount "71"]
[EventDate "2025.10.26"]
[EventType "swiss"]
[EventRounds "9"]
[EventCountry "ENG"]
[SourceTitle "BritBase"]
[Source "John Saunders"]
[SourceDate "2025.10.31"]
[SourceVersion "1"]
[SourceVersionDate "2025.10.31"]
[SourceQuality "1"]

1. e4 c5 2. f4 g6 3. Bc4 Bg7 4. Nf3 Nc6 5. O-O e6 6. f5 d5 7. fxe6 Bxe6 8. exd5 Bxd5 9. Bxd5 Qxd5 10. Nc3 Bxc3 11. dxc3 Qxd1 12. Rxd1 f6 13. Be3 b6 14. Rd6 Na5 15. Bf4 Kf7 16. Nd2 Re8 17. Rf1 h6 18. b4 Nb7 19. Rd7+ Re7 20. Rxe7+ Nxe7 21. Be5 Nf5 22. g4 fxe5 23. gxf5 g5 24. Nc4 Kf6 25. bxc5 Nxc5 26. Ne3 h5 27. Nd5+ Kf7 28. Re1 e4 29. c4 Re8 30. Kf2 Re5 31. Ne3 Re7 32. Rg1 g4 33. h3 gxh3 34. Rg5 Rd7 35. Kg3 h2 36. Rxh5 1/2-1/2

[Event "Coventry International"]
[Site "Coventry"]
[Date "2025.10.29"]
[Round "6.2"]
[White "Willow, Jonah B"]
[Black "Kanyamarala, Tarun"]
[Result "1-0"]
[WhiteElo "2472"]
[BlackElo "2376"]
[PlyCount "57"]
[EventDate "2025.10.26"]
[EventType "swiss"]
[EventRounds "9"]
[EventCountry "ENG"]
[SourceTitle "BritBase"]
[Source "John Saunders"]
[SourceDate "2025.10.31"]
[SourceVersion "1"]
[SourceVersionDate "2025.10.31"]
[SourceQuality "1"]

1. e4 c5 2. Nf3 d6 3. Bb5+ Bd7 4. c4 Nc6 5. Nc3 Nf6 6. O-O g6 7. Bxc6 Bxc6 8. Re1 Bg7 9. d4 cxd4 10. Nxd4 O-O 11. b3 Nd7 12. Bb2 Nc5 13. Qd2 a6 14. Rad1 Bd7 15. Qe3 b5 16. b4 Ne6 17. Nxe6 Bxe6 18. c5 Bxa2 19. e5 Bb3 20. exd6 exd6 21. Rxd6 Qb8 22. Qd2 Rd8 23. Ne4 Rxd6 24. cxd6 Qf8 25. d7 f6 26. Nc5 Bf7 27. Nb7 Rd8 28. Nxd8 Qxd8 29. Qd6 1-0

[Event "Coventry International"]
[Site "Coventry"]
[Date "2025.10.29"]
[Round "6.3"]
[White "Balaji, Aaravamudhan"]
[Black "Lohia, Sohum"]
[Result "0-1"]
[WhiteElo "2288"]
[BlackElo "2391"]
[PlyCount "68"]
[EventDate "2025.10.26"]
[EventType "swiss"]
[EventRounds "9"]
[EventCountry "ENG"]
[SourceTitle "BritBase"]
[Source "John Saunders"]
[SourceDate "2025.10.31"]
[SourceVersion "1"]
[SourceVersionDate "2025.10.31"]
[SourceQuality "1"]

1. d4 d5 2. c4 e6 3. Nc3 h6 4. cxd5 exd5 5. Bf4 Nf6 6. e3 Bd6 7. Bxd6 Qxd6 8. Bd3 O-O 9. h3 b6 10. Nge2 c5 11. O-O Nc6 12. Rc1 Rd8 13. Qd2 c4 14. Bb1 Rb8 15. f3 b5 16. Rcd1 b4 17. Na4 Re8 18. Nc5 Rb5 19. a3 Qe7 20. Kf2 bxa3 21. bxa3 Na5 22. Bc2 Rb2 23. e4 dxe4 24. fxe4 Nb7 25. Qc1 Ra2 26. Nc3 Rxc2+ 27. Qxc2 Nxc5 28. dxc5 Qxc5+ 29. Kg3 Qe5+ 30. Kf2 Qxc3 31. Qxc3 Nxe4+ 32. Kf3 Nxc3 33. Rd4 Bb7+ 34. Kg4 Nd5 0-1

[Event "Coventry International"]
[Site "Coventry"]
[Date "2025.10.29"]
[Round "6.4"]
[White "Golubka, Petr"]
[Black "Turner, Max N"]
[Result "1/2-1/2"]
[WhiteElo "2385"]
[BlackElo "2255"]
[PlyCount "88"]
[EventDate "2025.10.26"]
[EventType "swiss"]
[EventRounds "9"]
[EventCountry "ENG"]
[SourceTitle "BritBase"]
[Source "John Saunders"]
[SourceDate "2025.10.31"]
[SourceVersion "1"]
[SourceVersionDate "2025.10.31"]
[SourceQuality "1"]

1. e4 e5 2. Nf3 Nc6 3. Bb5 a6 4. Ba4 Nf6 5. d3 b5 6. Bb3 Be7 7. O-O O-O 8. Re1 d6 9. a3 Na5 10. Ba2 c5 11. Nc3 Nc6 12. Bg5 Be6 13. Bxf6 Bxf6 14. Nd5 g6 15. c3 Bg7 16. b4 Ne7 17. Ne3 Qd7 18. Re2 Rfc8 19. Bxe6 Qxe6 20. c4 Bh6 21. Nd5 Nxd5 22. cxd5 Qd7 23. Rc2 Qa7 24. a4 cxb4 25. axb5 Qb7 26. Rxc8+ Qxc8 27. Qa4 a5 28. b6 Qb7 29. Qb5 Rb8 30. Qxa5 Qxb6 31. Qxb6 Rxb6 32. Rb1 b3 33. Kf1 Rb4 34. Ke2 f5 35. Nd2 Ra4 36. Nxb3 fxe4 37. dxe4 Rxe4+ 38. Kd3 Ra4 39. Ra1 e4+ 40. Ke2 Rb4 41. Ra8+ Kf7 42. Ra7+ Kg8 43. Ra8+ Kf7 44. Ra7+ Kg8 1/2-1/2

[Event "Coventry International"]
[Site "Coventry"]
[Date "2025.10.29"]
[Round "6.6"]
[White "Wang, Hao ZJ"]
[Black "Vijayakumar, Rishi"]
[Result "1-0"]
[WhiteElo "2424"]
[BlackElo "2300"]
[PlyCount "115"]
[EventDate "2025.10.26"]
[EventType "swiss"]
[EventRounds "9"]
[EventCountry "ENG"]
[SourceTitle "BritBase"]
[Source "John Saunders"]
[SourceDate "2025.10.31"]
[SourceVersion "1"]
[SourceVersionDate "2025.10.31"]
[SourceQuality "1"]

1. d4 Nf6 2. c4 e6 3. g3 d5 4. Bg2 Be7 5. Nf3 O-O 6. O-O dxc4 7. Qc2 b5 8. a4 b4 9. Nfd2 Nd5 10. Nxc4 c5 11. dxc5 Bxc5 12. e4 Nb6 13. Rd1 N8d7 14. Nxb6 axb6 15. Nd2 Ba6 16. Nf3 Rc8 17. Bf4 Be3 18. Qb3 Bxf4 19. gxf4 Nc5 20. Qxb4 Qf6 21. e5 Qg6 22. Qxb6 Be2 23. Nh4 Qg4 24. Rdc1 Nd3 25. Rxc8 Rxc8 26. Qe3 Qxh4 27. Qxe2 Nxf4 28. Qf3 Qg5 29. a5 Nxg2 30. Qxg2 Rc1+ 31. Rxc1 Qxc1+ 32. Qf1 Qxb2 33. Qd1 h5 34. a6 Qa3 35. Qd6 Qa1+ 36. Kg2 Kh7 37. Qc6 Qd4 38. Qc2+ Kh6 39. Qe2 g5 40. h3 Qa4 41. Qf3 Qxa6 42. Qf6+ Kh7 43. Qxf7+ Kh6 44. Qf6+ Kh7 45. Qxg5 Qc6+ 46. Kg3 Qc3+ 47. Kh4 Qc4+ 48. f4 Qb3 49. Qxh5+ Kg7 50. Kg5 Qg3+ 51. Qg4 Qb3 52. Kh5+ Kh8 53. h4 Qd3 54. Qg5 Qd1+ 55. Kh6 Qd7 56. Qg6 Qe7 57. Qf6+ Kg8 58. Qxe7 1-0

[Event "Coventry International"]
[Site "Coventry"]
[Date "2025.10.29"]
[Round "6.7"]
[White "Jackson, James P"]
[Black "Vaidyanathan, Adithya"]
[Result "0-1"]
[WhiteElo "2365"]
[BlackElo "2129"]
[PlyCount "108"]
[EventDate "2025.10.26"]
[EventType "swiss"]
[EventRounds "9"]
[EventCountry "ENG"]
[SourceTitle "BritBase"]
[Source "John Saunders"]
[SourceDate "2025.10.31"]
[SourceVersion "1"]
[SourceVersionDate "2025.10.31"]
[SourceQuality "1"]

1. Nf3 c5 2. e4 Nc6 3. d4 cxd4 4. Nxd4 Nf6 5. Nc3 d6 6. Bg5 e6 7. Qd2 a6 8. Nxc6 bxc6 9. O-O-O h6 10. Bf4 d5 11. Qe3 Bb7 12. Be2 Bb4 13. a3 Bxc3 14. Qxc3 Nxe4 15. Qxg7 Qf6 16. Qxf6 Nxf6 17. Be5 Ke7 18. Rd4 Rhg8 19. Rb4 Bc8 20. Bg3 Nd7 21. Rh4 Rg6 22. Bh5 Rg7 23. Re1 f6 24. Be2 Rh7 25. Bf4 e5 26. Rxh6 Rxh6 27. Bxh6 Nc5 28. Be3 d4 29. Bd2 a5 30. Bf3 Bd7 31. b4 Nb7 32. bxa5 Nxa5 33. Bb4+ Kd8 34. h4 Nc4 35. h5 Nxa3 36. Be2 Ra4 37. h6 Bf5 38. Bd3 e4 39. Bxe4 Nc4 40. Be7+ Kc7 41. Kb1 Nd2+ 42. Kb2 Nxe4 43. f3 Nc3 44. Ra1 Rxa1 45. Kxa1 Bxc2 46. Bxf6 c5 47. g4 Nd5 48. Bg5 Bh7 49. f4 Ne3 50. Be7 Kc6 51. g5 Nd5 52. Bf6 Nxf6 53. gxf6 Kd6 54. f5 Bxf5 0-1

[Event "Coventry International"]
[Site "Coventry"]
[Date "2025.10.29"]
[Round "6.8"]
[White "Zhang, Junyi"]
[Black "Hebden, Mark L"]
[Result "1/2-1/2"]
[WhiteElo "2058"]
[BlackElo "2355"]
[PlyCount "61"]
[EventDate "2025.10.26"]
[EventType "swiss"]
[EventRounds "9"]
[EventCountry "ENG"]
[SourceTitle "BritBase"]
[Source "John Saunders"]
[SourceDate "2025.10.31"]
[SourceVersion "1"]
[SourceVersionDate "2025.10.31"]
[SourceQuality "1"]

1. e4 e5 2. Nf3 Nc6 3. Bc4 d6 4. d4 Nf6 5. dxe5 dxe5 6. Qxd8+ Nxd8 7. Nxe5 Bd6 8. Nf3 Nxe4 9. O-O O-O 10. Re1 Nc5 11. Nc3 Be6 12. Bxe6 Ndxe6 13. Be3 Rfd8 14. Rad1 a5 15. Nb5 Bf8 16. g3 c6 17. Nbd4 a4 18. Nxe6 Nxe6 19. Bb6 Rxd1 20. Rxd1 a3 21. b3 Bc5 22. Bxc5 Nxc5 23. Ne5 f6 24. Nd7 Ne4 25. Rd3 b5 26. f3 Ng5 27. Nc5 b4 28. f4 Nf7 29. Rd4 g5 30. Rxb4 Nd6 31. Kf2 1/2-1/2

[Event "Coventry International"]
[Site "Coventry"]
[Date "2025.10.29"]
[Round "6.9"]
[White "Kanyamarala, Trisha"]
[Black "Gormally, Daniel W"]
[Result "0-1"]
[WhiteElo "2149"]
[BlackElo "2396"]
[PlyCount "44"]
[EventDate "2025.10.26"]
[EventType "swiss"]
[EventRounds "9"]
[EventCountry "ENG"]
[SourceTitle "BritBase"]
[Source "John Saunders"]
[SourceDate "2025.10.31"]
[SourceVersion "1"]
[SourceVersionDate "2025.10.31"]
[SourceQuality "1"]

1. e4 Nf6 2. e5 Nd5 3. d4 d6 4. c4 Nb6 5. exd6 exd6 6. d5 Be7 7. Bd3 O-O 8. Qc2 g6 9. Nf3 Na6 10. a3 Nc5 11. Be2 Bf5 12. Qd1 Bf6 13. Nc3 Bxc3+ 14. bxc3 Nba4 15. Be3 Nxc3 16. Qd2 Nxe2 17. Qxe2 Bd3 18. Qa2 Qf6 19. Nd4 Rfe8 20. Kd2 Rxe3 21. fxe3 Qf2+ 22. Kd1 Qxe3 0-1

[Event "Coventry International"]
[Site "Coventry"]
[Date "2025.10.29"]
[Round "6.10"]
[White "Shearsby, Jude"]
[Black "Lebedev, Lion"]
[Result "1-0"]
[WhiteElo "2330"]
[BlackElo "2091"]
[PlyCount "105"]
[EventDate "2025.10.26"]
[EventType "swiss"]
[EventRounds "9"]
[EventCountry "ENG"]
[SourceTitle "BritBase"]
[Source "John Saunders"]
[SourceDate "2025.10.31"]
[SourceVersion "1"]
[SourceVersionDate "2025.10.31"]
[SourceQuality "1"]

1. e4 e5 2. Nf3 Nf6 3. Bc4 Nxe4 4. Nc3 Nc6 5. O-O Nxc3 6. dxc3 Be7 7. Qd5 O-O 8. Nxe5 Nxe5 9. Qxe5 Bf6 10. Qg3 d5 11. Bd3 c6 12. Be3 Re8 13. a4 Be6 14. Rfe1 Bh4 15. Qf4 h6 16. Qb4 b6 17. a5 c5 18. Qa4 Bd7 19. Bb5 Re4 20. b4 Bxb5 21. Qxb5 Qe8 22. Qd3 Rd8 23. Reb1 d4 24. cxd4 cxd4 25. Bd2 Rd6 26. Re1 Rde6 27. Rxe4 Rxe4 28. Rd1 Bf6 29. h3 b5 30. Qg3 Re2 31. Kf1 a6 32. Qf3 Re6 33. Re1 Rxe1+ 34. Bxe1 Qe6 35. Qd3 Qe5 36. Qe2 Qd5 37. f3 Kf8 38. Qd3 Ke7 39. Qe4+ Qxe4 40. fxe4 Bg5 41. Ke2 Ke6 42. Kd3 f5 43. Kxd4 fxe4 44. Kxe4 Be7 45. g4 g6 46. Bd2 h5 47. g5 Bf8 48. c4 bxc4 49. b5 Kd7 50. bxa6 Kc8 51. Kd5 Kb8 52. Kxc4 Ka7 53. Kd5 1-0

[Event "Coventry International"]
[Site "Coventry"]
[Date "2025.10.29"]
[Round "6.11"]
[White "Burrows, Martin P"]
[Black "Lewis, Andrew P"]
[Result "1/2-1/2"]
[WhiteElo "2088"]
[BlackElo "2268"]
[PlyCount "49"]
[EventDate "2025.10.26"]
[EventType "swiss"]
[EventRounds "9"]
[EventCountry "ENG"]
[SourceTitle "BritBase"]
[Source "John Saunders"]
[SourceDate "2025.10.31"]
[SourceVersion "1"]
[SourceVersionDate "2025.10.31"]
[SourceQuality "1"]

1. e4 c5 2. Nf3 e6 3. d4 cxd4 4. Nxd4 Nc6 5. Nb5 d6 6. c4 Nf6 7. N1c3 a6 8. Na3 b6 9. Be2 Bb7 10. Be3 Be7 11. O-O O-O 12. Rc1 Re8 13. Qb3 Nd7 14. Rfd1 Nc5 15. Qc2 Bf6 16. f3 Be5 17. Bf1 Qh4 18. g3 Qf6 19. Qf2 Rad8 20. Nab1 Qg6 21. f4 Bf6 22. f5 Qh5 23. Be2 Qh3 24. Bf1 Qh5 25. Be2 1/2-1/2

[Event "Coventry International"]
[Site "Coventry"]
[Date "2025.10.29"]
[Round "6.12"]
[White "Navrotescu, Andreea-Cristiana"]
[Black "Talab, Rami"]
[Result "0-1"]
[WhiteElo "2257"]
[BlackElo "2052"]
[PlyCount "114"]
[EventDate "2025.10.26"]
[EventType "swiss"]
[EventRounds "9"]
[EventCountry "ENG"]
[SourceTitle "BritBase"]
[Source "John Saunders"]
[SourceDate "2025.10.31"]
[SourceVersion "1"]
[SourceVersionDate "2025.10.31"]
[SourceQuality "1"]

1. e4 c6 2. d4 d5 3. e5 Bf5 4. h4 h5 5. Bg5 Qb6 6. Bd3 Bxd3 7. Qxd3 e6 8. Nd2 Nd7 9. Ne2 Ne7 10. O-O Nf5 11. a3 Be7 12. Bxe7 Nxe7 13. Ng3 Ng6 14. Nf3 Qd8 15. Ng5 Nxh4 16. f4 g6 17. c4 dxc4 18. Qxc4 Nb6 19. Qd3 Nf5 20. Nxf5 gxf5 21. Rad1 Nd5 22. Qf3 Qe7 23. b4 O-O-O 24. Rc1 Kb8 25. Rc5 Nc7 26. Qe3 Rd5 27. Rc4 Rd7 28. Rfc1 Nd5 29. Qf2 Rhd8 30. Rc5 Nxf4 31. Qxf4 Rxd4 32. Qg3 h4 33. Qe3 f4 34. Qf3 Qxg5 35. b5 cxb5 36. Rxb5 R4d5 37. Rb4 h3 38. Rcb1 Rd1+ 39. Kh2 Qxg2+ 40. Qxg2 hxg2 41. Rxb7+ Ka8 42. Kxg2 Rxb1 43. Rxb1 Rd5 44. Kf3 Rxe5 45. Kxf4 Rf5+ 46. Ke4 a6 47. a4 Ka7 48. Rb2 Rc5 49. Rb4 a5 50. Rd4 Kb6 51. Rd7 Rc7 52. Rd6+ Kc5 53. Ke5 Kb4 54. Rd4+ Rc4 55. Rd7 Rc5+ 56. Ke4 f5+ 57. Kf4 Rc4+ 0-1

[Event "Coventry International"]
[Site "Coventry"]
[Date "2025.10.29"]
[Round "6.13"]
[White "Pilley, Jack"]
[Black "Verma, Aditya"]
[Result "1/2-1/2"]
[WhiteElo "2041"]
[BlackElo "2164"]
[PlyCount "30"]
[EventDate "2025.10.26"]
[EventType "swiss"]
[EventRounds "9"]
[EventCountry "ENG"]
[SourceTitle "BritBase"]
[Source "John Saunders"]
[SourceDate "2025.10.31"]
[SourceVersion "1"]
[SourceVersionDate "2025.10.31"]
[SourceQuality "1"]

1. e4 c5 2. Nf3 d6 3. d4 cxd4 4. Nxd4 Nf6 5. Nc3 a6 6. h3 e5 7. Nde2 h5 8. g3 Nbd7 9. a4 Be7 10. Bg2 b6 11. Be3 Bb7 12. Nd5 Nxd5 13. exd5 Bg5 14. f4 exf4 15. Nxf4 h4 1/2-1/2

[Event "Coventry International"]
[Site "Coventry"]
[Date "2025.10.29"]
[Round "6.14"]
[White "Dicen, Elis Denele"]
[Black "Hariharan, Shambavi"]
[Result "1/2-1/2"]
[WhiteElo "2123"]
[BlackElo "1989"]
[PlyCount "83"]
[EventDate "2025.10.26"]
[EventType "swiss"]
[EventRounds "9"]
[EventCountry "ENG"]
[SourceTitle "BritBase"]
[Source "John Saunders"]
[SourceDate "2025.10.31"]
[SourceVersion "1"]
[SourceVersionDate "2025.10.31"]
[SourceQuality "1"]

1. Nf3 Nf6 2. c4 e6 3. g3 b6 4. Bg2 Bb7 5. O-O Be7 6. b3 c5 7. Bb2 O-O 8. Nc3 Nc6 9. d4 Nxd4 10. Nxd4 Bxg2 11. Kxg2 cxd4 12. Qxd4 Qc8 13. e4 Qb7 14. f3 Rfd8 15. e5 Ne8 16. Ne4 d6 17. exd6 Bxd6 18. Qe3 Be7 19. Rad1 h6 20. Rfe1 Bb4 21. Bc3 Bxc3 22. Qxc3 Qe7 23. b4 Nd6 24. Nxd6 Rxd6 25. Rxd6 Qxd6 26. c5 bxc5 27. bxc5 Qd5 28. Re2 Rd8 29. Rc2 Qd1 30. Rf2 Qd5 31. c6 Rc8 32. c7 Qd6 33. Rc2 Kh7 34. Qc4 h5 35. Qe4+ g6 36. Qb7 Qd3 37. Qb2 Qd6 38. Qc3 e5 39. Qc4 Kg7 40. Qc3 Kh7 41. Qc4 Kg7 42. Qc3 1/2-1/2

[Event "Coventry International"]
[Site "Coventry"]
[Date "2025.10.29"]
[Round "6.15"]
[White "Pal, Rohan"]
[Black "Moss, Jack O"]
[Result "1/2-1/2"]
[WhiteElo "2101"]
[BlackElo "1886"]
[PlyCount "55"]
[EventDate "2025.10.26"]
[EventType "swiss"]
[EventRounds "9"]
[EventCountry "ENG"]
[SourceTitle "BritBase"]
[Source "John Saunders"]
[SourceDate "2025.10.31"]
[SourceVersion "1"]
[SourceVersionDate "2025.10.31"]
[SourceQuality "1"]

1. e4 e5 2. Nf3 Nc6 3. Bc4 Nf6 4. d3 Bc5 5. c3 d6 6. a4 a6 7. Bg5 h6 8. Bh4 g5 9. Bg3 Be6 10. Nbd2 Ba7 11. b4 Bxc4 12. Nxc4 Ne7 13. Qe2 O-O 14. O-O Ng6 15. Ne3 Bxe3 16. fxe3 Nh7 17. Nd2 Qd7 18. Rf2 f5 19. exf5 Rxf5 20. Rxf5 Qxf5 21. Ne4 Rf8 22. Rf1 Qxf1+ 23. Qxf1 Rxf1+ 24. Kxf1 Kf7 25. Ke2 Nf6 26. Nxf6 Kxf6 27. c4 c6 28. Be1 1/2-1/2

[Event "Coventry International"]
[Site "Coventry"]
[Date "2025.10.29"]
[Round "6.16"]
[White "Harikrishnan, A Ra"]
[Black "Dupuis, Denis K"]
[Result "1-0"]
[WhiteElo "2534"]
[BlackElo "2013"]
[PlyCount "63"]
[EventDate "2025.10.26"]
[EventType "swiss"]
[EventRounds "9"]
[EventCountry "ENG"]
[SourceTitle "BritBase"]
[Source "John Saunders"]
[SourceDate "2025.10.31"]
[SourceVersion "1"]
[SourceVersionDate "2025.10.31"]
[SourceQuality "1"]

1. Nf3 Nf6 2. g3 d5 3. Bg2 Bf5 4. O-O e6 5. c4 h6 6. Qb3 Qc8 7. d3 c6 8. Nc3 Be7 9. cxd5 exd5 10. e4 dxe4 11. dxe4 Be6 12. Qc2 O-O 13. e5 Nd5 14. Nd4 Nxc3 15. bxc3 Bh3 16. f4 c5 17. Bxh3 Qxh3 18. Nf5 Re8 19. Rb1 g6 20. Ne3 b6 21. f5 gxf5 22. Qa4 Rd8 23. Nxf5 Bf8 24. Qe4 Nd7 25. e6 Nf6 26. exf7+ Kxf7 27. Qc4+ Kg6 28. Qe6 Qxf1+ 29. Kxf1 Rd1+ 30. Kg2 Re8 31. Nh4+ Kg7 32. Bxh6+ 1-0

[Event "Coventry International"]
[Site "Coventry"]
[Date "2025.10.29"]
[Round "6.17"]
[White "Vaidyanathan, Avinash"]
[Black "Berry, Neil"]
[Result "1/2-1/2"]
[WhiteElo "1949"]
[BlackElo "2266"]
[PlyCount "49"]
[EventDate "2025.10.26"]
[EventType "swiss"]
[EventRounds "9"]
[EventCountry "ENG"]
[SourceTitle "BritBase"]
[Source "John Saunders"]
[SourceDate "2025.10.31"]
[SourceVersion "1"]
[SourceVersionDate "2025.10.31"]
[SourceQuality "1"]

1. e4 e5 2. Nf3 Nc6 3. Bc4 Nf6 4. d3 Bc5 5. c3 d6 6. O-O a5 7. a4 Ba7 8. Nbd2 O-O 9. h3 Be6 10. Re1 Nh5 11. Nf1 Nf4 12. Be3 Qd7 13. Bb3 Ne7 14. d4 Neg6 15. Bxe6 Qxe6 16. Ng3 Qf6 17. Nf5 exd4 18. N3xd4 Ne6 19. Qd2 Ne5 20. b3 Nc6 21. Nb5 Bxe3 22. Nxe3 Qg5 23. Qd5 Qf6 24. Qd2 Qg5 25. Qd5 1/2-1/2

[Event "Coventry International"]
[Site "Coventry"]
[Date "2025.10.29"]
[Round "6.18"]
[White "Luk, Danbe"]
[Black "Udovenko, Daniel Alexander"]
[Result "1/2-1/2"]
[WhiteElo "2131"]
[BlackElo "1945"]
[PlyCount "64"]
[EventDate "2025.10.26"]
[EventType "swiss"]
[EventRounds "9"]
[EventCountry "ENG"]
[SourceTitle "BritBase"]
[Source "John Saunders"]
[SourceDate "2025.10.31"]
[SourceVersion "1"]
[SourceVersionDate "2025.10.31"]
[SourceQuality "1"]

1. d4 Nf6 2. c4 g6 3. Nc3 d5 4. cxd5 Nxd5 5. e4 Nxc3 6. bxc3 Bg7 7. Be3 c5 8. Qd2 Qa5 9. Rc1 O-O 10. d5 e6 11. Nf3 Nd7 12. c4 Qxd2+ 13. Nxd2 b6 14. g3 Bb7 15. Bh3 Rae8 16. O-O Ne5 17. Rfd1 Nd3 18. Rb1 Ba6 19. Rb3 Nb4 20. Ra3 Re7 21. Bg5 f6 22. d6 Ree8 23. d7 Re7 24. Nf1 Rd8 25. Bf4 Kf7 26. Rd6 f5 27. exf5 gxf5 28. Bd2 Bxc4 29. Bxb4 cxb4 30. Rxa7 Be5 31. Rd2 Bc3 32. Rd6 Bb5 1/2-1/2

[Event "Coventry International"]
[Site "Coventry"]
[Date "2025.10.29"]
[Round "6.19"]
[White "Young, Daniel J"]
[Black "Hanache, Kai"]
[Result "1/2-1/2"]
[WhiteElo "1933"]
[BlackElo "2122"]
[PlyCount "41"]
[EventDate "2025.10.26"]
[EventType "swiss"]
[EventRounds "9"]
[EventCountry "ENG"]
[SourceTitle "BritBase"]
[Source "John Saunders"]
[SourceDate "2025.10.31"]
[SourceVersion "1"]
[SourceVersionDate "2025.10.31"]
[SourceQuality "1"]

1. c4 Nf6 2. Nf3 g6 3. Nc3 d5 4. cxd5 Nxd5 5. h4 Bg7 6. e4 Nxc3 7. dxc3 Qxd1+ 8. Kxd1 Nd7 9. Bc4 Nc5 10. Re1 Bg4 11. Kc2 O-O-O 12. Ng5 Rhf8 13. f3 Be6 14. Nxe6 Nxe6 15. Bxe6+ fxe6 16. Be3 Be5 17. Rad1 h5 18. Rxd8+ Kxd8 19. Rd1+ Ke8 20. Kd3 Kd7 21. Ke2+ 1/2-1/2

[Event "Coventry International"]
[Site "Coventry"]
[Date "2025.10.29"]
[Round "6.20"]
[White "Shivakumar, Akshath"]
[Black "Roberts, Paul E"]
[Result "0-1"]
[WhiteElo "1872"]
[BlackElo "2098"]
[PlyCount "72"]
[EventDate "2025.10.26"]
[EventType "swiss"]
[EventRounds "9"]
[EventCountry "ENG"]
[SourceTitle "BritBase"]
[Source "John Saunders"]
[SourceDate "2025.10.31"]
[SourceVersion "1"]
[SourceVersionDate "2025.10.31"]
[SourceQuality "1"]

1. d4 e6 2. c4 f5 3. Nf3 Nf6 4. Nc3 d5 5. g3 c6 6. Bg2 Bd6 7. O-O Nbd7 8. Qc2 Ne4 9. Rb1 a5 10. c5 Bc7 11. a3 Qe7 12. b4 axb4 13. axb4 O-O 14. b5 e5 15. e3 Nxc3 16. Qxc3 e4 17. Ne1 Nf6 18. b6 Bb8 19. Bd2 g5 20. Qc1 h5 21. Nc2 h4 22. Ra1 Rxa1 23. Nxa1 Qh7 24. Be1 f4 25. exf4 gxf4 26. f3 hxg3 27. hxg3 e3 28. g4 Bxg4 29. fxg4 Nxg4 30. Bg3 fxg3 31. Rxf8+ Kxf8 32. Qc2 Qf7 33. Nb3 Nh2 34. Na5 Qf2+ 35. Qxf2+ gxf2+ 36. Kh1 e2 0-1

[Event "Coventry International"]
[Site "Coventry"]
[Date "2025.10.29"]
[Round "6.21"]
[White "Arun, Nitish"]
[Black "Brett, Andrew R"]
[Result "1-0"]
[WhiteElo "2094"]
[BlackElo "2034"]
[PlyCount "99"]
[EventDate "2025.10.26"]
[EventType "swiss"]
[EventRounds "9"]
[EventCountry "ENG"]
[SourceTitle "BritBase"]
[Source "John Saunders"]
[SourceDate "2025.10.31"]
[SourceVersion "1"]
[SourceVersionDate "2025.10.31"]
[SourceQuality "1"]

1. d4 Nf6 2. c4 e6 3. Nc3 Bb4 4. Qc2 d5 5. cxd5 exd5 6. Bg5 h6 7. Bh4 Nc6 8. e3 g5 9. Bg3 h5 10. Bb5 h4 11. Be5 Qe7 12. a3 Bxc3+ 13. bxc3 O-O 14. Nf3 Ne4 15. h3 Nxe5 16. Nxe5 Bf5 17. Bd3 f6 18. Nf3 Rfe8 19. O-O Rad8 20. Nd2 Bh7 21. Nxe4 Bxe4 22. Bxe4 Qxe4 23. Qxe4 Rxe4 24. Rab1 b6 25. Rb5 Re6 26. Rc1 Rc6 27. Kf1 Rdd6 28. Ke2 Rc4 29. Rb4 Rdc6 30. Kd3 f5 31. Rb5 Rd6 32. Rxd5 Rxc3+ 33. Rxc3 Rxd5 34. Rxc7 Ra5 35. Rc3 Kf7 36. f3 Ke6 37. Kc4 Kd6 38. Kb4 a6 39. a4 Rd5 40. Rd3 Ke6 41. e4 Rd8 42. a5 Rb8 43. axb6 Rxb6+ 44. Kc5 Rb2 45. d5+ Ke5 46. d6 Rc2+ 47. Kb6 fxe4 48. fxe4 Rb2+ 49. Ka7 Kxe4 50. Rd1 1-0

[Event "Coventry International"]
[Site "Coventry"]
[Date "2025.10.29"]
[Round "6.22"]
[White "Fellowes, Billy"]
[Black "Doran, Chris"]
[Result "1-0"]
[WhiteElo "2184"]
[BlackElo "1972"]
[PlyCount "72"]
[EventDate "2025.10.26"]
[EventType "swiss"]
[EventRounds "9"]
[EventCountry "ENG"]
[SourceTitle "BritBase"]
[Source "John Saunders"]
[SourceDate "2025.10.31"]
[SourceVersion "1"]
[SourceVersionDate "2025.10.31"]
[SourceQuality "1"]

1. e4 c5 2. Nf3 g6 3. d4 cxd4 4. Qxd4 Nf6 5. Bb5 Nc6 6. Bxc6 dxc6 7. Qxd8+ Kxd8 8. Nc3 Bg7 9. h3 h6 10. Be3 Be6 11. Nd4 Bc4 12. f4 Kc7 13. b3 Ba6 14. e5 Nd5 15. Nxd5+ cxd5 16. a4 e6 17. Kd2 h5 18. Ra2 b6 19. a5 b5 20. b4 Bf8 21. c3 Be7 22. Nb3 Rhd8 23. Kd3 Rh8 24. g3 Rhg8 25. Rf1 Rh8 26. Raf2 Bb7 27. Nd4 a6 28. g4 hxg4 29. hxg4 Raf8 30. f5 Kd7 31. fxe6+ fxe6 32. Rf7 Rxf7 33. Rxf7 Rh3 34. Rg7 g5 35. Ke2 Rh2+ 36. Kf3 Ke8 {Ke4} 1-0

[Event "Coventry International"]
[Site "Coventry"]
[Date "2025.10.29"]
[Round "6.23"]
[White "Moyse, Nigel J"]
[Black "Latt, Maung M"]
[Result "0-1"]
[WhiteElo "1926"]
[BlackElo "2140"]
[PlyCount "110"]
[EventDate "2025.10.26"]
[EventType "swiss"]
[EventRounds "9"]
[EventCountry "ENG"]
[SourceTitle "BritBase"]
[Source "John Saunders"]
[SourceDate "2025.10.31"]
[SourceVersion "1"]
[SourceVersionDate "2025.10.31"]
[SourceQuality "1"]

1. d4 d5 2. Nf3 Bf5 3. Bf4 c6 4. c3 Qb6 5. Qb3 Nd7 6. Nh4 Qxb3 7. axb3 Bc2 8. Nd2 h6 9. Nhf3 e6 10. h4 Ngf6 11. e3 a6 12. Be2 Be7 13. O-O Ne4 14. h5 Ndf6 15. Rfc1 Nxd2 16. Nxd2 Bf5 17. b4 O-O-O 18. Nb3 Bg4 19. Bxg4 Nxg4 20. f3 Nf6 21. g4 Nd7 22. Nc5 Rde8 23. Nd3 f6 24. c4 dxc4 25. Rxc4 Nb6 26. Rcc1 Bd8 27. e4 Bc7 28. Bxc7 Kxc7 29. Kf2 Rhf8 30. Ra5 Kb8 31. Nf4 Rf7 32. Rac5 Rd7 33. Ne2 Red8 34. Ke3 Na4 35. R5c2 Nb6 36. f4 Nc8 37. Rg1 Rh8 38. Rc5 Nd6 39. Rgc1 Nb5 40. f5 Re8 41. Rd1 exf5 42. gxf5 Nd6 43. Ng3 Nxe4 44. Nxe4 Rde7 45. Rg1 Rxe4+ 46. Kd3 R8e7 47. Rxg7 Rxd4+ 48. Kxd4 Rxg7 49. Rc2 Rg5 50. Re2 Rxf5 51. Re7 Rxh5 52. Rf7 Rf5 53. Ke4 Rb5 54. Rxf6 Rxb4+ 55. Kd3 Rxb2 0-1